LIBRARY & INFORMATION CENTRE, KCAET, TAVANUR

ONLINE PUBLIC ACCESS CATALOGUE (OPAC)

Gandhji: A study / (Record no. 12421)

MARC details
000 -LEADER
fixed length control field 00367cam a2200145ua 4500
041 ## - LANGUAGE CODE
Language code of text/sound track or separate title eng
082 ## - DEWEY DECIMAL CLASSIFICATION NUMBER
Classification number 320.58
Item number MUK/GA
100 ## - MAIN ENTRY--AUTHOR NAME
Personal name Mukherji, Kiran .
245 ## - TITLE STATEMENT
Title Gandhji: A study /
260 ## - PUBLICATION, DISTRIBUTION, ETC. (IMPRINT)
Place of publication New Delhi :
Name of publisher Peoples publishing house ,
Year of publication 1960.
300 ## - PHYSICAL DESCRIPTION
Number of Pages 225 ; .
942 ## - ADDED ENTRY ELEMENTS (KOHA)
Koha item type Books
Holdings
Withdrawn status Lost status Damaged status Home library Current library Date acquired Full call number Accession Number Koha item type
Withdrawn     KAUAET Kelappaji 07/04/2012 320.58 MUK/GA 10374 Books
free website counter